000 00410nam a2200145Ia 4500
008 220217s9999||||xx |||||||||||||| ||und||
020 _a9788126512652
082 _a621.382 2 HAY
100 _aHaykin, Simon and Veen, Barry Van
245 0 _aSignals and systems
250 _a2nd
260 _aJohn wiley and sons
_bNew Delhi
_c2013
300 _aXVIII, 802p.
_b769
650 _aSIGNAL PROCESSING
_9719
999 _c187278
_d187278